|
|
|
|
| LEADER |
00000nta a2200000 i 4500 |
| 001 |
dolg10434 |
| 005 |
20170714135515.0 |
| 008 |
170503suuuu hu om 000 eng d |
| 040 |
|
|
|a BGE Dolgozattár Repozitórium
|b hun
|
| 041 |
|
|
|a en
|
| 100 |
1 |
|
|a Petőh Emese
|
| 245 |
1 |
0 |
|a Sightseeing with healthy and pretty smile
|b the impact of dental tourism on the popularity
|c Petőh Emese
|h [elektronikus dokumentum]
|
| 695 |
|
|
|a Dental tourism
|
| 695 |
|
|
|a Budapest tourism
|
| 700 |
1 |
|
|a Hübner Andrea
|e ths
|
| 856 |
4 |
0 |
|u http://dolgozattar.uni-bge.hu/10434/1/Dissertation%20-%20Pet%C5%91h%20Emese%20-%20QCLMVI%20-%202017.pdf
|z Dokumentum-elérés
|